Illustrated history of transport
| Main Author: | |
|---|---|
| Other Authors: | |
| Format: | Book |
| Published: |
Leicester :
Blitz Editions ,
1996
|
| Subjects: |
MARC
| LEADER | 00000cam a2200000 7i4500 | ||
|---|---|---|---|
| 001 | 0000020657 | ||
| 002 | 000022409 | ||
| 005 | 20000330.0 | ||
| 020 | |a 1856053601 | ||
| 090 | 0 | 0 | |a 303.4832 |b CHA |
| 100 | 1 | |a Chant, Christopher | |
| 245 | 1 | 0 | |a Illustrated history of transport |c Christopher Chant and John Batchelor |
| 260 | |a Leicester : |b Blitz Editions , |c 1996 | ||
| 300 | |a 184 p. : |b ill. ; |c 31 cm. | ||
| 650 | 0 | 0 | |a Transportation |x Economic aspects |
| 700 | 1 | |a Batchelor, John | |
| 999 | |a 00070443 |b BUKU |c PINJAMAN |e PERPUSTAKAAN KOMUNITI PETALING JAYA | ||